000 00557nam a22001937a 4500
003 OSt
005 20260530144242.0
008 260530b |||||||| |||| 00| 0 eng d
020 _a978-93-69140-23-7
040 _cSBCL
082 _a371.26
_bPUR-U
100 _aPuri, Gautam
245 _aUPSC: General Studies Paper 2
_bCSAT:31 Years S olved Papers
260 _aNew Delhi
_bCareer Launcher Infrastructure
_c2026
300 _a250p.
630 _xSocial sciences
650 _aEducation
_aSchools & their activities; special education
942 _cBOOK
999 _c138319
_d138319